000 00944nam a22003137a 4500
001 BR2014007338
003 BR-BrBNA
005 20230928104535.0
007 ta
008 230509b bl.||||| |||| 00| 0 por d
040 _aBR-BrBNA
_bpor
_cBiblioteca Nacional de Agricultura
041 _a(Por)
072 _aP36
_b3850
090 _ 3850 BR2014007338
100 1 _aMartins, G.C.
110 1 _aUniversidade Federal de Lavras, MG (Brasil)
_0Tese (Mestrado)
245 1 _aMateriais amenizantes com potencial para revegetação de áreas de mineração de zinco
260 3 _aLavras, MG (Brasil):
_c2014.
300 _a153 p.
500 _aSummaries (Eng, Por); Bibliography p. 133-144; 38 illus.; 14 tables
650 _aMINERACAO
650 _aZINCO
650 _aRECUPERACAO DO SOLO
650 _aCALCARIO
650 _aLODO RESIDUAL
650 _aRESIDUO ORGANICO
909 _a202309
_bLucia
_c55
_dLucia Elande
942 _cBK
999 _c80485
_d80485